00408nam a2200157Ia 45000010006000000050017000060080041000230410008000640820016000721000037000882450072001252600009001973000028002066500008002346540008002422506520260414151125.0260414t2015||||xx |||||||||||||| ||spa|| aESP a346.13bR61 aRimascca Huarancca, ÁngeleAUT 0aEl derecho registral :ben la jurisprudencia del Tribunal Registral c2015 a350 páginas :c24 cm. aDER aCDE